Inter Squad 1997-1998 - Statistics

General Stats
  • This quiz has been taken 7 times
  • The average score is 8 of 29
Answer Stats
# Position Nation Player % Correct
9 FW Chile Iván Zamorano
100%
10 FW Brazil Ronaldo
100%
20 FW Uruguay Álvaro Recoba
86%
4 DF Argentina Javier Zanetti
71%
11 FW Nigeria Nwankwo Kanu
71%
16 DF Nigeria Taribo West
71%
6 MF France Youri Djorkaeff
57%
8 MF Netherlands Aron Winter
43%
14 MF Argentina Diego Simeone
43%
1 GK Italy Gianluca Pagliuca
43%
2 DF Italy Giuseppe Bergomi
43%
18 MF Italy Nicola Berti
29%
15 MF France Benoît Cauet
14%
33 DF Italy Francesco Colonnese
14%
17 FW Italy Francesco Moriero
14%
36 DF Italy Mauro Milanese
14%
40 MF Portugal Paulo Sousa
14%
13 MF Brazil Zé Elias
14%
12 GK Italy Andrea Mazzantini
0%
25 MF Italy Davide Torretta
0%
5 DF Italy Fabio Galante
0%
21 DF Italy Luca Mezzano
0%
24 DF Italy Luigi Sartor
0%
- Coach Italy Luigi Simoni
0%
27 FW Italy Marco Branca
0%
35 DF Uruguay Martín Rivas
0%
23 FW Italy Maurizio Ganz
0%
32 DF Italy Riccardo Ramazzotti
0%
7 DF Italy Salvatore Fresi
0%
No matching quizzes found
Score Distribution
Percent of People with Each Score
Percentile by Number Answered
Your Score History
You have not taken this quiz